|
|
|
|
| LEADER |
00000nam0a2200000 4500 |
| 001 |
135445 |
| 005 |
20231031140100.0 |
| 035 |
|
|
|a (RuTPU)RU\TPU\book\146792
|
| 090 |
|
|
|a 135445
|
| 100 |
|
|
|a 20080410d1978 m y0rusy50 ca
|
| 101 |
0 |
|
|a rus
|
| 102 |
|
|
|a RU
|
| 105 |
|
|
|a a j 001zy
|
| 200 |
1 |
|
|a Канализация
|e учебник для техникумов
|f С. В. Яковлевич, Ю. М. Ласков
|
| 210 |
|
|
|a Москва
|c Стройиздат
|d 1978
|
| 215 |
|
|
|a 224 с.
|c ил.
|
| 320 |
|
|
|a Библиогр.: с. 223.
|
| 610 |
1 |
|
|a канализация
|
| 610 |
1 |
|
|a учебники
|
| 610 |
1 |
|
|a канализационные сети
|
| 610 |
1 |
|
|a канализационные трубы
|
| 610 |
1 |
|
|a водостоки
|
| 610 |
1 |
|
|a насосные станции
|
| 610 |
1 |
|
|a сточные воды
|
| 610 |
1 |
|
|a очистка
|
| 610 |
1 |
|
|a обезвреживание
|
| 610 |
1 |
|
|a биологическая очистка
|
| 610 |
1 |
|
|a использование
|
| 610 |
1 |
|
|a проектирование
|
| 675 |
|
|
|a 628.2(075.8)
|v 3
|
| 700 |
|
1 |
|a Яковлевич
|b С. В.
|g Сергей Васильевич
|
| 701 |
|
1 |
|a Ласков
|b Ю. М.
|g Юрий Михайлович
|
| 801 |
|
1 |
|a RU
|b 63413507
|c 20080410
|g PSBO
|
| 801 |
|
2 |
|a RU
|b 63413507
|c 20090427
|g PSBO
|
| 942 |
|
|
|c BK
|